|
|
|
|
| LEADER |
00000nam a2200000Ii 4500 |
| 001 |
DIGLCATRTA0136 |
| 003 |
NyNyDIG |
| 006 |
m o d |
| 007 |
cr ||||||||||| |
| 008 |
211130s2016 sp a ob 000 0 spa d |
| 035 |
|
|
|a (OCoLC)1287833457
|
| 040 |
|
|
|a DGITA
|b eng
|e rda
|e pn
|c DGITA
|
| 020 |
|
|
|a 9788490972717
|q eBook
|
| 020 |
|
|
|a 9788490971918
|q eBook
|q pdf
|
| 020 |
|
|
|z 9788490971697
|
| 043 |
|
|
|a e-sp---
|
| 050 |
1 |
4 |
|a HQ1692 ebook
|
| 100 |
1 |
|
|a Arriero Ranz, Francisco,
|e author.
|
| 245 |
1 |
3 |
|a El Movimiento Democrático de Mujeres :
|b de la lucha contra Franco al feminismo (1965-1985) /
|c Francisco Arriero Ranz ; prólogo de Pilar Díaz Sánchez.
|
| 264 |
|
1 |
|a Madrid :
|b Catarata,
|c 2016.
|
| 300 |
|
|
|a 1 online resource :
|b illustrations.
|
| 336 |
|
|
|a text
|b txt
|2 rdacontent
|
| 337 |
|
|
|a computer
|b c
|2 rdamedia
|
| 338 |
|
|
|a online resource
|b cr
|2 rdacarrier
|
| 347 |
|
|
|a text file
|2 rdaft
|
| 347 |
|
|
|b EPUB
|
| 490 |
1 |
|
|a Colección Investigación y debate ;
|v 171
|
| 504 |
|
|
|a Includes bibliographical references.
|
| 588 |
0 |
|
|a Online resource; title from ePub title page (Digitalia, viewed November 30, 2021)
|
| 610 |
2 |
0 |
|a Movimiento Democrático de Mujeres (Spain).
|
| 650 |
|
0 |
|a Anti-fascist movements
|z Spain
|x History.
|
| 650 |
|
0 |
|a Feminism
|z Spain
|x History.
|
| 700 |
1 |
|
|a Díaz Sánchez, Pilar,
|e contributor agent of text.
|
| 655 |
|
0 |
|a Electronic books.
|
| 791 |
2 |
|
|a Digitalia (Firm),
|e distributor.
|
| 830 |
|
0 |
|a Colección Investigación y debate ;
|v 171.
|
| 793 |
0 |
|
|g Digitalia eBook Collection:
|a Los libros de la catarata
|
| 776 |
0 |
8 |
|i Print version:
|a Arriero Ranz, Francisco.
|t Movimiento Democrático de Mujeres.
|d Madrid : Catarata, 2016
|z 9788490971697
|
| 856 |
4 |
0 |
|u https://digitalia.uam.elogim.com/a/80968/
|z Texto completo
|
| 910 |
|
|
|a Premium collection: 2021
|